[Event "Team Championship Russia (Rapid, Men)"]
[Site "Sochi"]
[Date "2018.10.08"]
[Round "2.17"]
[White "Ponkratov, Pavel"]
[Black "Triapishko, Alexandr"]
[Result "1-0"]
[BlackElo "2493"]
[WhiteElo "2708"]
[LiveChessVersion "1.4.8"]

1. e4 {[%clk 0:15:18]} e5 {[%clk 0:15:16]} 2. Nf3 {[%clk 0:15:26]} Nc6
{[%clk 0:15:24]} 3. Bb5 {[%clk 0:15:34]} a6 {[%clk 0:15:32]} 4. Ba4
{[%clk 0:15:43]} d6 {[%clk 0:15:40]} 5. Bxc6+ {[%clk 0:15:25]} bxc6
{[%clk 0:15:49]} 6. d4 {[%clk 0:15:35]} Nf6 {[%clk 0:13:32]} 7. O-O
{[%clk 0:15:02]} exd4 {[%clk 0:10:50]} 8. Nxd4 {[%clk 0:15:10]} c5
{[%clk 0:09:42]} 9. Nf5 {[%clk 0:14:47]} g6 {[%clk 0:08:02]} 10. Nh6
{[%clk 0:14:55]} Bb7 {[%clk 0:06:42]} 11. Nc3 {[%clk 0:14:58]} Bg7
{[%clk 0:05:48]} 12. Re1 {[%clk 0:15:01]} Nd7 {[%clk 0:04:16]} 13. e5
{[%clk 0:13:06]} dxe5 {[%clk 0:03:42]} 14. Qd3 {[%clk 0:13:10]} Qe7
{[%clk 0:03:16]} 15. Nd5 {[%clk 0:12:29]} Qd6 {[%clk 0:03:08]} 16. c4
{[%clk 0:12:38]} Bxd5 {[%clk 0:02:30]} 17. cxd5 {[%clk 0:12:41]} f5
{[%clk 0:02:14]} 18. Qg3 {[%clk 0:12:08]} Bf6 {[%clk 0:01:32]} 19. Qh3
{[%clk 0:11:54]} Kf8 {[%clk 0:01:00]} 20. Bd2 {[%clk 0:11:02]} e4
{[%clk 0:00:46]} 21. Nxf5 {[%clk 0:10:11]} Qxd5 {[%clk 0:00:35]} 22. Bh6+
{[%clk 0:10:08]} Kf7 {[%clk 0:00:31]} 23. Ng3 {[%clk 0:09:02]} Rae8
{[%clk 0:00:24]} 24. Nxe4 {[%clk 0:08:11]} Rxe4 {[%clk 0:00:15]} 25. Rxe4
{[%clk 0:08:19]} Qxe4 {[%clk 0:00:23]} 26. Qxd7+ {[%clk 0:08:26]} Qe7
{[%clk 0:00:29]} 27. Qd5+ {[%clk 0:08:20]} Qe6 {[%clk 0:00:36]} 28. Qxc5
{[%clk 0:08:28]} Rd8 {[%clk 0:00:39]} 29. Qxc7+ {[%clk 0:08:20]} Rd7
{[%clk 0:00:45]} 30. Qc2 {[%clk 0:08:26]} Qf5 {[%clk 0:00:40]} 31. Qb3+
{[%clk 0:08:16]} Qe6 {[%clk 0:00:34]} 32. Qxe6+ {[%clk 0:08:21]} Kxe6
{[%clk 0:00:43]} 33. Re1+ {[%clk 0:08:30]} Kf5 {[%clk 0:00:41]} 34. Bc1
{[%clk 0:07:06]} Rc7 {[%clk 0:00:47]} 35. h3 {[%clk 0:07:13]} h5 {[%clk 0:00:52]}
36. b3 {[%clk 0:07:07]} Rc2 {[%clk 0:00:51]} 37. a4 {[%clk 0:07:16]} g5
{[%clk 0:00:41]} 38. Rd1 {[%clk 0:06:47]} Rc3 {[%clk 0:00:19]} 39. Bb2
{[%clk 0:05:19]} Rxb3 {[%clk 0:00:23]} 40. Bxf6 {[%clk 0:05:27]} Kxf6
{[%clk 0:00:32]} 41. Rd6+ {[%clk 0:05:34]} Kf5 {[%clk 0:00:28]} 42. Rxa6
{[%clk 0:05:36]} Rb1+ {[%clk 0:00:31]} 43. Kh2 {[%clk 0:05:45]} Rb2
{[%clk 0:00:37]} 44. Ra5+ {[%clk 0:05:45]} Kg6 {[%clk 0:00:34]} 45. h4
{[%clk 0:05:30]} gxh4 {[%clk 0:00:18]} 46. f3 {[%clk 0:05:38]} Rb1
{[%clk 0:00:17]} 47. Ra8 {[%clk 0:05:45]} Kg7 {[%clk 0:00:13]} 48. a5
{[%clk 0:05:54]} Ra1 {[%clk 0:00:21]} 49. a6 {[%clk 0:06:03]} 1-0

[Event "Team Championship Russia (Rapid, Men)"]
[Site "Sochi"]
[Date "2018.10.08"]
[Round "2.18"]
[White "Jary, Sergey"]
[Black "Lysyj, Igor"]
[Result "1/2-1/2"]
[BlackElo "2644"]
[WhiteElo "2353"]
[LiveChessVersion "1.4.8"]

1. d4 {[%clk 0:15:18]} d5 {[%clk 0:15:08]} 2. Nf3 {[%clk 0:15:24]} Nf6
{[%clk 0:15:15]} 3. g3 {[%clk 0:15:33]} e6 {[%clk 0:15:19]} 4. Bg2
{[%clk 0:15:38]} Be7 {[%clk 0:15:28]} 5. c4 O-O {[%clk 0:15:34]} 6. O-O
{[%clk 0:15:55]} Nbd7 {[%clk 0:15:42]} 7. Nbd2 {[%clk 0:15:57]} c6
{[%clk 0:15:48]} 8. Qc2 {[%clk 0:16:01]} b6 {[%clk 0:15:57]} 9. e4
{[%clk 0:15:47]} dxc4 {[%clk 0:16:05]} 10. e5 {[%clk 0:15:42]} Nd5
{[%clk 0:16:04]} 11. Nxc4 {[%clk 0:15:46]} Bb7 {[%clk 0:16:04]} 12. h4
{[%clk 0:15:25]} h6 {[%clk 0:16:01]} 13. Nfd2 {[%clk 0:13:53]} b5
{[%clk 0:15:42]} 14. Na3 {[%clk 0:13:50]} Qb6 {[%clk 0:14:51]} 15. Nf3
{[%clk 0:13:28]} c5 {[%clk 0:14:33]} 16. dxc5 {[%clk 0:13:27]} Nxc5
{[%clk 0:12:56]} 17. Qe2 {[%clk 0:13:25]} a6 18. Be3 {[%clk 0:12:53]} Nxe3
{[%clk 0:12:38]} 19. Qxe3 {[%clk 0:13:01]} Rfd8 {[%clk 0:11:40]} 20. Rfd1
{[%clk 0:12:52]} Bd5 {[%clk 0:11:07]} 21. Nc2 {[%clk 0:12:32]} Qb7
{[%clk 0:10:25]} 22. Nfe1 {[%clk 0:11:20]} Bxg2 {[%clk 0:10:27]} 23. Nxg2
{[%clk 0:11:28]} Na4 {[%clk 0:09:50]} 24. b4 {[%clk 0:10:35]} Nb2
{[%clk 0:09:36]} 25. Rxd8+ {[%clk 0:10:31]} Rxd8 {[%clk 0:09:45]} 26. Nge1
{[%clk 0:10:03]} Nc4 {[%clk 0:09:44]} 27. Qf4 {[%clk 0:09:31]} Rd5
{[%clk 0:06:20]} 28. Nf3 {[%clk 0:07:21]} Qd7 {[%clk 0:06:29]} 29. Kg2
{[%clk 0:04:12]} Qc6 {[%clk 0:06:33]} 30. Qe4 {[%clk 0:04:11]} Qc7
{[%clk 0:04:59]} 31. Re1 {[%clk 0:03:51]} Bf8 {[%clk 0:04:21]} 32. Ne3
{[%clk 0:03:34]} Nxe3+ {[%clk 0:04:19]} 33. Rxe3 {[%clk 0:03:42]} Qc1
{[%clk 0:03:59]} 34. a3 {[%clk 0:02:58]} Rd1 {[%clk 0:03:10]} 35. Ne1
{[%clk 0:01:42]} Rd5 {[%clk 0:01:00]} 36. Nd3 {[%clk 0:01:32]} Qc7
{[%clk 0:00:54]} 37. Nf4 {[%clk 0:01:12]} Rd1 {[%clk 0:00:59]} 38. Re1
{[%clk 0:01:09]} Rxe1 {[%clk 0:00:56]} 39. Qxe1 {[%clk 0:01:19]} Qc4
{[%clk 0:00:59]} 40. Qe3 {[%clk 0:00:45]} g6 {[%clk 0:00:53]} 41. Nd3
{[%clk 0:00:32]} Qb3 {[%clk 0:00:38]} 42. Nf4 {[%clk 0:00:32]} Qc4
{[%clk 0:00:40]} 43. Nd3 {[%clk 0:00:40]} Qb3 {[%clk 0:00:46]} 1/2-1/2

[Event "Team Championship Russia (Rapid, Men)"]
[Site "Sochi"]
[Date "2018.10.08"]
[Round "2.19"]
[White "Gutenev, Alexander"]
[Black "Papenin, Nikolai"]
[Result "1-0"]
[BlackElo "2365"]
[WhiteElo "2463"]
[LiveChessVersion "1.4.8"]

1. e4 {[%clk 0:15:18]} e5 {[%clk 0:15:18]} 2. Nf3 {[%clk 0:15:27]} Nc6
{[%clk 0:15:27]} 3. Bb5 {[%clk 0:15:35]} a6 4. Ba4 Nf6 {[%clk 0:15:40]} 5. O-O
{[%clk 0:15:54]} b5 {[%clk 0:15:41]} 6. Bb3 {[%clk 0:16:03]} Bc5 {[%clk 0:15:50]}
7. a4 {[%clk 0:16:08]} Rb8 {[%clk 0:15:59]} 8. c3 {[%clk 0:16:13]} d6
{[%clk 0:16:07]} 9. d4 {[%clk 0:16:21]} Bb6 {[%clk 0:16:16]} 10. axb5
{[%clk 0:16:30]} axb5 {[%clk 0:16:24]} 11. Na3 {[%clk 0:16:39]} O-O
{[%clk 0:16:24]} 12. Nxb5 {[%clk 0:16:48]} Bg4 {[%clk 0:16:33]} 13. Bc2
{[%clk 0:16:57]} exd4 {[%clk 0:13:33]} 14. Nbxd4 {[%clk 0:17:04]} Nxd4
{[%clk 0:11:17]} 15. cxd4 {[%clk 0:17:12]} Bxf3 {[%clk 0:10:14]} 16. gxf3
{[%clk 0:17:20]} Nh5 {[%clk 0:10:14]} 17. Kh1 {[%clk 0:17:12]} Qf6
{[%clk 0:07:28]} 18. Be3 {[%clk 0:16:58]} g6 {[%clk 0:07:06]} 19. Rg1
{[%clk 0:14:34]} Nf4 {[%clk 0:06:26]} 20. Ra4 {[%clk 0:13:41]} Ne6
{[%clk 0:05:29]} 21. f4 {[%clk 0:12:38]} Ra8 {[%clk 0:03:38]} 22. e5
{[%clk 0:11:09]} Qd8 {[%clk 0:03:17]} 23. f5 {[%clk 0:07:22]} Rxa4
{[%clk 0:03:18]} 24. Bxa4 {[%clk 0:07:31]} Ng7 {[%clk 0:02:41]} 25. fxg6
{[%clk 0:05:37]} hxg6 {[%clk 0:02:42]} 26. Qf3 {[%clk 0:03:02]} dxe5
{[%clk 0:02:23]} 27. Bb3 {[%clk 0:02:43]} exd4 {[%clk 0:01:31]} 28. Bg5
{[%clk 0:02:51]} Qd7 {[%clk 0:01:22]} 29. Bf6 {[%clk 0:02:51]} Kh7
{[%clk 0:00:33]} 30. Rg4 {[%clk 0:01:53]} Nh5 {[%clk 0:00:32]} 31. Rh4
{[%clk 0:01:36]} Qb5 {[%clk 0:00:40]} 32. Bc4 {[%clk 0:01:14]} Qf5
{[%clk 0:00:28]} 33. Qxf5 {[%clk 0:01:16]} gxf5 {[%clk 0:00:37]} 34. Rxh5+
{[%clk 0:01:12]} Kg6 {[%clk 0:00:47]} 35. Rh8 {[%clk 0:01:14]} Rxh8
{[%clk 0:00:46]} 36. Bxh8 {[%clk 0:01:23]} f6 {[%clk 0:00:54]} 37. h4
{[%clk 0:01:32]} d3 {[%clk 0:00:40]} 38. h5+ {[%clk 0:01:19]} Kxh5
{[%clk 0:00:32]} 39. Bxf6 {[%clk 0:01:23]} d2 {[%clk 0:00:36]} 40. Be2+
{[%clk 0:01:30]} Kg6 {[%clk 0:00:41]} 41. Bc3 {[%clk 0:01:35]} Bxf2
{[%clk 0:00:37]} 42. Bxd2 {[%clk 0:01:40]} Kf6 {[%clk 0:00:25]} 43. Kg2
{[%clk 0:01:48]} Bb6 {[%clk 0:00:32]} 44. Bc3+ {[%clk 0:01:51]} Ke6
{[%clk 0:00:37]} 45. Kf3 {[%clk 0:01:57]} Bg1 {[%clk 0:00:28]} 46. Bc4+
{[%clk 0:01:58]} Kd6 {[%clk 0:00:15]} 47. Kf4 {[%clk 0:02:00]} Bh2+
{[%clk 0:00:15]} 48. Kxf5 {[%clk 0:02:07]} Kc6 {[%clk 0:00:18]} 49. Bd4
{[%clk 0:02:06]} Kb7 {[%clk 0:00:27]} 50. Ke6 {[%clk 0:02:11]} Kb8
{[%clk 0:00:18]} 51. Kd7 {[%clk 0:02:11]} Bd6 {[%clk 0:00:23]} 52. Kc6
{[%clk 0:02:08]} Bf4 {[%clk 0:00:20]} 53. Be6 {[%clk 0:02:14]} Bd6
{[%clk 0:00:18]} 54. Kb5 {[%clk 0:02:10]} Kb7 {[%clk 0:00:21]} 55. Bd7
{[%clk 0:02:04]} Bf4 {[%clk 0:00:19]} 56. Kc4 {[%clk 0:02:12]} Bd6
{[%clk 0:00:18]} 57. Kd5 {[%clk 0:02:20]} Bf4 {[%clk 0:00:26]} 58. Bc6+
{[%clk 0:02:23]} Kc8 {[%clk 0:00:22]} 59. Be5 {[%clk 0:02:31]} Bd2
{[%clk 0:00:29]} 60. Kc5 {[%clk 0:02:26]} Be1 {[%clk 0:00:26]} 61. Kb5
{[%clk 0:02:32]} Bd2 {[%clk 0:00:29]} 62. Bf3 {[%clk 0:02:36]} Be1
{[%clk 0:00:14]} 63. Kc6 {[%clk 0:02:42]} Ba5 {[%clk 0:00:17]} 64. Bg4+
{[%clk 0:02:51]} Kb8 {[%clk 0:00:14]} 65. Bd7 {[%clk 0:02:52]} Bb6
{[%clk 0:00:12]} 66. b4 {[%clk 0:03:00]} 1-0

[Event "Team Championship Russia (Rapid, Men)"]
[Site "Sochi"]
[Date "2018.10.08"]
[Round "2.21"]
[White "Potapov, Pavel"]
[Black "Alekseenko, Kirill"]
[Result "1/2-1/2"]
[BlackElo "2668"]
[WhiteElo "2509"]
[LiveChessVersion "1.4.8"]

1. e4 {[%clk 0:15:17]} c5 {[%clk 0:15:17]} 2. Nf3 {[%clk 0:15:17]} Nc6
{[%clk 0:15:23]} 3. Bb5 {[%clk 0:15:05]} g6 {[%clk 0:15:29]} 4. Bxc6
{[%clk 0:14:59]} dxc6 {[%clk 0:15:36]} 5. O-O {[%clk 0:14:43]} Bg7
{[%clk 0:15:34]} 6. d3 {[%clk 0:14:46]} Nh6 {[%clk 0:15:24]} 7. Nc3
{[%clk 0:14:24]} O-O {[%clk 0:15:05]} 8. h3 {[%clk 0:14:29]} f6 {[%clk 0:15:11]}
9. Be3 {[%clk 0:14:34]} b6 {[%clk 0:15:19]} 10. a4 {[%clk 0:14:27]} Nf7
{[%clk 0:14:17]} 11. a5 {[%clk 0:14:28]} Rb8 {[%clk 0:14:25]} 12. Qe2
{[%clk 0:12:02]} e5 {[%clk 0:14:24]} 13. axb6 {[%clk 0:11:24]} axb6
{[%clk 0:14:32]} 14. Ra7 {[%clk 0:11:28]} f5 {[%clk 0:13:30]} 15. exf5
{[%clk 0:11:08]} gxf5 {[%clk 0:13:31]} 16. Rfa1 {[%clk 0:11:13]} Be6
{[%clk 0:12:22]} 17. Bd2 {[%clk 0:10:37]} Bd5 {[%clk 0:09:39]} 18. Nd1
{[%clk 0:09:57]} Qd6 {[%clk 0:06:34]} 19. Ne3 {[%clk 0:08:47]} Qf6
{[%clk 0:05:48]} 20. Bc3 {[%clk 0:08:43]} Rfe8 {[%clk 0:05:15]} 21. Rd7
{[%clk 0:07:22]} Rbd8 {[%clk 0:05:10]} 22. Rb7 {[%clk 0:07:06]} Rb8
{[%clk 0:04:27]} 23. Rd7 {[%clk 0:07:05]} Rbd8 {[%clk 0:04:06]} 24. Rb7
{[%clk 0:06:20]} Rb8 {[%clk 0:04:14]} 25. Rd7 {[%clk 0:06:26]} 1/2-1/2

[Event "Team Championship Russia (Rapid, Men)"]
[Site "Sochi"]
[Date "2018.10.08"]
[Round "2.22"]
[White "Alekseev, Evgeny"]
[Black "Sergeyev, Alexander"]
[Result "1-0"]
[BlackElo "2363"]
[WhiteElo "2655"]
[LiveChessVersion "1.4.8"]

1. c4 {[%clk 0:15:17]} c6 {[%clk 0:15:19]} 2. Nf3 {[%clk 0:15:20]} d5
{[%clk 0:15:28]} 3. e3 {[%clk 0:15:27]} Nf6 {[%clk 0:15:36]} 4. Nc3
{[%clk 0:15:26]} g6 {[%clk 0:15:42]} 5. d4 {[%clk 0:15:02]} Bg7 {[%clk 0:15:50]}
6. Be2 {[%clk 0:14:53]} O-O {[%clk 0:15:56]} 7. O-O {[%clk 0:15:01]} b6
{[%clk 0:13:48]} 8. Qc2 {[%clk 0:13:10]} dxc4 {[%clk 0:12:07]} 9. Bxc4
{[%clk 0:13:11]} Ba6 {[%clk 0:12:11]} 10. Qe2 {[%clk 0:11:41]} Qc8
{[%clk 0:11:26]} 11. Bd2 {[%clk 0:08:36]} Bxc4 {[%clk 0:10:45]} 12. Qxc4
{[%clk 0:08:43]} Qa6 {[%clk 0:10:52]} 13. b3 {[%clk 0:08:31]} Qxc4
{[%clk 0:09:17]} 14. bxc4 {[%clk 0:08:39]} Nbd7 {[%clk 0:08:31]} 15. Rab1
{[%clk 0:08:42]} Ne8 {[%clk 0:08:05]} 16. Ne4 {[%clk 0:08:15]} Nd6
{[%clk 0:06:10]} 17. Nxd6 {[%clk 0:08:23]} exd6 {[%clk 0:06:19]} 18. a4
{[%clk 0:08:20]} Rfc8 {[%clk 0:04:59]} 19. Rfc1 {[%clk 0:08:23]} f5
{[%clk 0:03:14]} 20. Kf1 {[%clk 0:07:27]} h6 {[%clk 0:03:22]} 21. Rc2
{[%clk 0:05:52]} Kf7 {[%clk 0:03:29]} 22. Ne1 {[%clk 0:05:53]} Bf6
{[%clk 0:02:44]} 23. Nd3 {[%clk 0:05:56]} g5 {[%clk 0:02:48]} 24. h3
{[%clk 0:05:56]} h5 {[%clk 0:02:19]} 25. Bc1 {[%clk 0:05:23]} h4 {[%clk 0:02:06]}
26. Ba3 {[%clk 0:05:00]} Be7 {[%clk 0:01:34]} 27. Ke2 {[%clk 0:04:48]} Rg8
{[%clk 0:00:57]} 28. Nb4 {[%clk 0:02:57]} Rac8 {[%clk 0:00:56]} 29. d5
{[%clk 0:02:56]} c5 {[%clk 0:00:56]} 30. Nc6 {[%clk 0:02:56]} Rc7
{[%clk 0:00:56]} 31. Nxe7 {[%clk 0:02:56]} Kxe7 {[%clk 0:00:56]} 32. Bb2
{[%clk 0:02:56]} a6 {[%clk 0:00:56]} 33. Bc3 {[%clk 0:01:58]} Rb7
{[%clk 0:00:35]} 34. Rcb2 {[%clk 0:02:04]} Rgb8 {[%clk 0:00:41]} 35. Kd3
{[%clk 0:01:31]} Ne5+ {[%clk 0:00:44]} 36. Bxe5 {[%clk 0:01:36]} dxe5
{[%clk 0:00:54]} 37. e4 {[%clk 0:01:13]} f4 {[%clk 0:00:55]} 38. Ke2
{[%clk 0:01:20]} Kd6 39. Kf3 {[%clk 0:01:01]} Kc7 {[%clk 0:00:46]} 40. Kg4
{[%clk 0:01:05]} Kd6 {[%clk 0:00:28]} 41. Rb3 {[%clk 0:00:51]} Kc7
{[%clk 0:00:27]} 42. Kxg5 {[%clk 0:00:43]} Rg8+ {[%clk 0:00:18]} 43. Kf5
{[%clk 0:00:39]} Rxg2 {[%clk 0:00:27]} 44. Kxe5 {[%clk 0:00:37]} Rxf2
{[%clk 0:00:35]} 45. Ke6 {[%clk 0:00:31]} Re2 {[%clk 0:00:37]} 46. e5
{[%clk 0:00:38]} Rb8 {[%clk 0:00:34]} 47. Kf6 {[%clk 0:00:23]} f3
{[%clk 0:00:30]} 48. e6 {[%clk 0:00:25]} f2 {[%clk 0:00:36]} 49. Rf1
{[%clk 0:00:28]} Rf8+ {[%clk 0:00:34]} 50. Ke7 {[%clk 0:00:36]} Re1
{[%clk 0:00:42]} 51. Kxf8 {[%clk 0:00:39]} Rxf1 {[%clk 0:00:49]} 52. Rf3
{[%clk 0:00:48]} Kd6 {[%clk 0:00:38]} 53. e7 {[%clk 0:00:41]} Re1
{[%clk 0:00:44]} 54. e8=Q 1-0

[Event "Team Championship Russia (Rapid, Men)"]
[Site "Sochi"]
[Date "2018.10.08"]
[Round "2.23"]
[White "Belyakov, Bogdan"]
[Black "Romanov, Evgeny"]
[Result "0-1"]
[BlackElo "2527"]
[WhiteElo "2523"]
[LiveChessVersion "1.4.8"]

1. e4 {[%clk 0:15:17]} e5 {[%clk 0:15:11]} 2. Nf3 {[%clk 0:15:21]} Nc6
{[%clk 0:15:20]} 3. Bb5 {[%clk 0:13:37]} a6 {[%clk 0:15:28]} 4. Ba4
{[%clk 0:13:45]} b5 {[%clk 0:15:36]} 5. Bb3 {[%clk 0:13:53]} g6 {[%clk 0:15:44]}
6. Nc3 {[%clk 0:13:54]} Bg7 {[%clk 0:15:41]} 7. a4 {[%clk 0:13:12]} b4
{[%clk 0:15:06]} 8. Nd5 {[%clk 0:13:20]} Na5 {[%clk 0:15:08]} 9. Nxb4
{[%clk 0:11:08]} Nxb3 {[%clk 0:15:15]} 10. cxb3 {[%clk 0:11:16]} Rb8
{[%clk 0:13:51]} 11. Nd5 {[%clk 0:11:12]} c6 {[%clk 0:13:50]} 12. Ne3
{[%clk 0:11:20]} d5 {[%clk 0:13:07]} 13. d3 {[%clk 0:09:23]} Be6 {[%clk 0:11:49]}
14. exd5 {[%clk 0:09:01]} cxd5 {[%clk 0:11:49]} 15. O-O {[%clk 0:09:00]} Ne7
{[%clk 0:11:09]} 16. Ng5 {[%clk 0:08:26]} Bc8 {[%clk 0:11:14]} 17. Bd2
{[%clk 0:06:30]} O-O {[%clk 0:11:14]} 18. Rc1 {[%clk 0:06:21]} f5
{[%clk 0:10:58]} 19. f4 {[%clk 0:04:50]} e4 {[%clk 0:10:19]} 20. dxe4
{[%clk 0:04:52]} fxe4 {[%clk 0:10:17]} 21. b4 {[%clk 0:03:54]} h6
{[%clk 0:10:04]} 22. Nh3 {[%clk 0:04:02]} Bxh3 {[%clk 0:10:08]} 23. gxh3
{[%clk 0:04:10]} d4 {[%clk 0:09:57]} 24. Qb3+ {[%clk 0:04:14]} Kh7
{[%clk 0:09:52]} 25. Ng4 {[%clk 0:04:09]} e3 {[%clk 0:09:35]} 26. Nxe3
{[%clk 0:03:33]} dxe3 {[%clk 0:09:41]} 27. Bxe3 {[%clk 0:03:41]} Qd5
{[%clk 0:08:46]} 28. Qa3 {[%clk 0:03:02]} Nf5 {[%clk 0:08:06]} 29. Rfd1
{[%clk 0:02:31]} Qe4 {[%clk 0:07:54]} 30. Bf2 {[%clk 0:02:37]} Qxf4
{[%clk 0:07:38]} 31. Qd3 {[%clk 0:02:19]} Rxb4 {[%clk 0:06:30]} 32. b3
{[%clk 0:01:46]} Nd4 {[%clk 0:06:04]} 33. Bg3 {[%clk 0:01:43]} Qf3
{[%clk 0:04:55]} 34. Qxf3 {[%clk 0:01:44]} Nxf3+ {[%clk 0:05:04]} 35. Kg2
{[%clk 0:01:38]} Rxb3 {[%clk 0:04:46]} 36. Rc7 {[%clk 0:01:34]} Kg8
{[%clk 0:04:30]} 37. Rc6 {[%clk 0:01:12]} g5 {[%clk 0:04:03]} 38. Rxa6
{[%clk 0:01:16]} Rb2+ {[%clk 0:03:26]} 39. Kh1 {[%clk 0:01:24]} Be5
{[%clk 0:03:18]} 40. Rd7 {[%clk 0:01:31]} Rb1+ {[%clk 0:02:18]} 41. Kg2
{[%clk 0:01:39]} Nh4+ {[%clk 0:02:20]} 42. Bxh4 {[%clk 0:01:39]} Rb2+
{[%clk 0:02:28]} 0-1

[Event "Team Championship Russia (Rapid, Men)"]
[Site "Sochi"]
[Date "2018.10.08"]
[Round "2.25"]
[White "Ozgibcev, Anatoly"]
[Black "Tekeyev, Zaur"]
[Result "1-0"]
[BlackElo "2448"]
[WhiteElo "2372"]
[LiveChessVersion "1.4.8"]

1. e4 {[%clk 0:15:16]} c5 {[%clk 0:15:19]} 2. c3 {[%clk 0:15:25]} e6
{[%clk 0:15:28]} 3. d3 {[%clk 0:15:29]} d5 {[%clk 0:15:22]} 4. Nd2
{[%clk 0:15:38]} Nc6 {[%clk 0:15:24]} 5. Ngf3 {[%clk 0:15:44]} Nf6
{[%clk 0:15:29]} 6. g3 {[%clk 0:15:31]} g6 {[%clk 0:15:35]} 7. Bg2
{[%clk 0:15:38]} Bg7 {[%clk 0:15:44]} 8. O-O {[%clk 0:15:45]} O-O
{[%clk 0:15:51]} 9. Re1 {[%clk 0:15:52]} a5 {[%clk 0:15:59]} 10. exd5
{[%clk 0:15:02]} exd5 {[%clk 0:15:37]} 11. d4 {[%clk 0:15:02]} cxd4
{[%clk 0:14:07]} 12. Nxd4 {[%clk 0:15:10]} Nxd4 {[%clk 0:14:07]} 13. cxd4
{[%clk 0:15:18]} Qb6 {[%clk 0:14:12]} 14. Nf3 {[%clk 0:15:14]} a4
{[%clk 0:13:40]} 15. Re2 {[%clk 0:13:30]} Ne4 {[%clk 0:12:05]} 16. Be3
{[%clk 0:12:20]} a3 {[%clk 0:08:17]} 17. Qc1 {[%clk 0:11:51]} Bg4
{[%clk 0:07:50]} 18. bxa3 {[%clk 0:11:29]} Qf6 {[%clk 0:06:38]} 19. Bf4
{[%clk 0:10:10]} Bxf3 {[%clk 0:04:41]} 20. Bxf3 {[%clk 0:10:16]} Qxd4
{[%clk 0:04:46]} 21. Rb1 {[%clk 0:08:29]} Rfc8 {[%clk 0:02:12]} 22. Qe1
{[%clk 0:07:23]} Nc3 {[%clk 0:01:49]} 23. Rd2 {[%clk 0:07:20]} Qc5
{[%clk 0:01:28]} 24. Rxb7 {[%clk 0:06:40]} Rxa3 {[%clk 0:01:36]} 25. Qe7
{[%clk 0:06:14]} Qxe7 {[%clk 0:01:28]} 26. Rxe7 {[%clk 0:06:22]} d4
{[%clk 0:01:10]} 27. Kg2 {[%clk 0:06:11]} Bf6 {[%clk 0:00:51]} 28. Rd7
{[%clk 0:05:52]} Ra6 {[%clk 0:00:21]} 29. Bb7 {[%clk 0:05:38]} Raa8
{[%clk 0:00:12]} 30. Bxc8 {[%clk 0:05:39]} Rxc8 {[%clk 0:00:20]} 31. Bh6
{[%clk 0:05:22]} Ne4 {[%clk 0:00:19]} 32. R2xd4 {[%clk 0:05:19]} Bxd4
{[%clk 0:00:17]} 33. Rxd4 {[%clk 0:05:27]} Nf6 {[%clk 0:00:13]} 34. a4
{[%clk 0:05:21]} Ra8 {[%clk 0:00:17]} 35. a5 {[%clk 0:05:16]} Ne8
{[%clk 0:00:21]} 36. Bd2 {[%clk 0:05:18]} Nc7 {[%clk 0:00:18]} 37. Rc4
{[%clk 0:05:20]} Na6 {[%clk 0:00:13]} 38. Bh6 {[%clk 0:05:16]} f6
{[%clk 0:00:18]} 39. h4 {[%clk 0:05:20]} Kf7 {[%clk 0:00:26]} 40. Be3
{[%clk 0:05:24]} Re8 {[%clk 0:00:21]} 41. Rc6 {[%clk 0:05:28]} Re6
{[%clk 0:00:30]} 42. Rb6 {[%clk 0:05:15]} h5 {[%clk 0:00:31]} 43. Rb7+
{[%clk 0:05:21]} Re7 {[%clk 0:00:40]} 44. Rb6 {[%clk 0:05:29]} Re6
{[%clk 0:00:49]} 45. Bd4 {[%clk 0:05:31]} Ke7 {[%clk 0:00:45]} 46. Kf3
{[%clk 0:05:29]} Nc7 {[%clk 0:00:26]} 47. Rxe6+ {[%clk 0:05:10]} Kxe6
{[%clk 0:00:35]} 48. Ke4 {[%clk 0:05:16]} f5+ {[%clk 0:00:17]} 49. Kf3
{[%clk 0:04:53]} Nb5 {[%clk 0:00:14]} 50. Be3 {[%clk 0:04:51]} Nc7
{[%clk 0:00:17]} 51. Kf4 {[%clk 0:04:51]} Kf6 {[%clk 0:00:15]} 52. Bd4+
{[%clk 0:04:55]} Ke6 {[%clk 0:00:23]} 53. Kg5 {[%clk 0:04:52]} Kf7
{[%clk 0:00:29]} 54. Kh6 {[%clk 0:04:48]} Na6 {[%clk 0:00:27]} 55. Be5
{[%clk 0:04:43]} Nc5 {[%clk 0:00:31]} 56. Kh7 {[%clk 0:04:24]} Na6
{[%clk 0:00:30]} 57. Bd6 {[%clk 0:04:30]} Kf6 {[%clk 0:00:38]} 58. Kh6
{[%clk 0:04:36]} Kf7 {[%clk 0:00:41]} 59. Kg5 {[%clk 0:04:44]} Kg7
{[%clk 0:00:49]} 60. Be5+ {[%clk 0:04:01]} Kf7 {[%clk 0:00:56]} 61. Bd4
{[%clk 0:04:01]} Nc7 {[%clk 0:00:59]} 62. Kf4 {[%clk 0:03:54]} Ke6
{[%clk 0:01:08]} 63. Ke3 {[%clk 0:03:54]} Kd5 {[%clk 0:01:08]} 64. Bb6
{[%clk 0:03:43]} Na6 {[%clk 0:01:12]} 65. Bd8 {[%clk 0:03:42]} Nb4
{[%clk 0:01:10]} 66. f3 {[%clk 0:03:32]} Na6 {[%clk 0:00:59]} 67. Be7
{[%clk 0:03:27]} Nb8 {[%clk 0:00:58]} 68. Bb4 {[%clk 0:03:15]} Na6
{[%clk 0:01:00]} 69. Bc3 {[%clk 0:03:21]} Nc5 {[%clk 0:00:59]} 70. Bb4
{[%clk 0:03:19]} Na6 {[%clk 0:01:07]} 71. Ba3 {[%clk 0:03:23]} Nc7
{[%clk 0:01:08]} 72. Bb2 {[%clk 0:03:24]} Na6 {[%clk 0:01:13]} 73. Kf4
{[%clk 0:03:27]} Ke6 {[%clk 0:01:22]} 74. Kg5 {[%clk 0:03:30]} Kf7
{[%clk 0:01:31]} 75. Bd4 {[%clk 0:02:54]} Nc7 {[%clk 0:01:38]} 76. Bb6
{[%clk 0:02:46]} Na6 {[%clk 0:01:44]} 77. g4 {[%clk 0:02:51]} fxg4
{[%clk 0:01:43]} 78. fxg4 {[%clk 0:03:00]} hxg4 {[%clk 0:01:46]} 79. Kxg4
{[%clk 0:03:09]} Kf6 {[%clk 0:01:42]} 80. Kf4 {[%clk 0:03:11]} Nb4
{[%clk 0:01:43]} 81. Bd8+ {[%clk 0:03:08]} Ke6 {[%clk 0:01:47]} 82. Ke4
{[%clk 0:03:07]} Kd6 {[%clk 0:01:16]} 83. Bg5 {[%clk 0:03:01]} Ke6
{[%clk 0:00:37]} 84. Bf4 {[%clk 0:02:50]} Na6 {[%clk 0:00:13]} 85. Kd4
{[%clk 0:02:51]} Kf5 {[%clk 0:00:11]} 86. Bg5 {[%clk 0:02:58]} Ke6
{[%clk 0:00:20]} 87. Kc4 {[%clk 0:03:07]} Kd6 {[%clk 0:00:14]} 88. Kb5
{[%clk 0:03:14]} Nc7+ {[%clk 0:00:23]} 89. Kb6 {[%clk 0:03:21]} Kd7
{[%clk 0:00:14]} 90. Kb7 {[%clk 0:03:19]} Ne6 {[%clk 0:00:15]} 91. a6
{[%clk 0:03:02]} Nc5+ {[%clk 0:00:23]} 92. Kb6 {[%clk 0:03:08]} Na4+
{[%clk 0:00:12]} 93. Ka5 {[%clk 0:03:07]} Nb2 {[%clk 0:00:11]} 94. a7
{[%clk 0:03:08]} Nc4+ {[%clk 0:00:19]} 95. Ka6 {[%clk 0:03:04]} 1-0